[Event "Madrid Magistral 6th"]
[Site "Madrid"]
[Date "1997.05.30"]
[Round "8"]
[White "Beliavsky, Alexander G"]
[Black "Topalov, Veselin"]
[Result "1/2-1/2"]
[WhiteElo "2665"]
[BlackElo "2725"]
[Annotator "Avrukh,B"]
[PlyCount "116"]
[EventDate "1997.06.??"]
[EventType "tourn"]
[EventRounds "9"]
[EventCountry "ESP"]
[EventCategory "17"]
[SourceTitle "CBM 059"]
[Source "ChessBase"]
[SourceDate "1997.08.01"]
[SourceVersion "1"]
[SourceVersionDate "1997.08.01"]
[SourceQuality "1"]

1. d4 Nf6 2. c4 e6 3. Nf3 b6 4. g3 Ba6 5. b3 b5 6. cxb5 Bxb5 7. Bg2 d5 {
Nowadays this move becoming more and more popular, with help of A.Karpov and
his coach A.Epishin.This line now becoming the main their weapon against
Queens Indian.} 8. O-O Nbd7 (8... Bd6 $143 $6 9. Nc3 Ba6 10. b4 $1 c6 11. Rb1
O-O 12. Bg5 Nbd7 13. Qa4 Bb7 14. Qc2 h6 15. Bxf6 Qxf6 16. e4 $14 {Juhasz,
B-Rigo,J/HUN-chT1 9394 ;TD 94/03 1994}) 9. Nc3 (9. Re1 Bb4 10. Bd2 a5 11. Nc3
Ba6 12. a3 Be7 13. e4 Bb7 14. exd5 Nxd5 15. Ne4 N5f6 16. Nfg5 Bd5 $2 (16...
Nxe4 17. Nxe4 O-O 18. Qc2 Bd5 $11) 17. Nxf7 $3 Kxf7 18. Ng5+ Kg8 19. Nxe6 {
with decisive attack. 1-0 Kamsky,G-Salov,V/Amsterdam Donner 1996 (37) .}) (9.
Ba3 Bxa3 (9... c5 10. Nc3 Ba6 11. Rc1 Rc8 12. Bxc5 $1 Bxc5 13. dxc5 Nxc5 14. b4
Ncd7 15. Qa4 Qb6 16. Ne5 $14) 10. Nxa3 Ba6 11. b4 Qe7 (11... c6 $5 {/\Qb6}) 12.
Rb1 Rb8 $2 (12... O-O $142 13. Qc2 Rfb8 $132) 13. Qa4 $1 Bxe2 14. Rfc1 Bxf3 (
14... Qd8 $2 15. Ne5 Rb7 16. Rb2 Bh5 17. Nc6 Qc8 18. Na5 Rb6 19. Rbc2 $16) 15.
Bxf3 Qd8 16. Nb5 O-O 17. Nxc7 (17. Nxa7 $2 Ra8) 17... Rb7 18. Na6 Qb6 19. b5
$16 {1-0 Huzman,A-Salov,V/Amsterdam Donner 1995 (37)}) 9... Ba6 10. Ne5 $1 $146
{[%csl Gc6] A slightly more active move, than in the others last games in this
variation.White trying to use the fact , that black needs two moves to castle
and this time is quite enough , so that to get positional pluses.} (10. Na4 Bb5
11. Nc3 Ba6 12. Na4 Bb5 13. Nc3 {1/2-1/2 Thiel,K-Rigo,J/Wuppertal-B 1986}) (10.
Rb1 {[%cal Gb3b4]} c5 11. dxc5 Bxc5 12. b4 Be7 13. b5 Bb7 14. Nd4 Rc8 15. Bd2
Nb6 16. a4 Nc4 17. Na2 {[%cal Ga2b4,Gb4c6]} a5 18. Nb3 Qb6 19. Qe1 Bd8 20. Bc3
O-O 21. e3 e5 22. Qe2 $14 {Nikolic,P-Karpov,A/Amber-blind6th rapid 1997/1-0 
(55)}) (10. Re1 Bb4 11. Bd2 c5 12. dxc5 Bxc5 13. b4 Bxb4 14. Qa4 Qa5 15. Qxa5
Bxa5 16. Nxd5 Bxd2 17. Nxf6+ Nxf6 18. Nxd2 Rc8 $11 {1/2-1/2 Anand,V-Karpov,A/
Amber-blind6th rapid 1997 (24)}) (10. Bb2 Be7 11. Rc1 O-O 12. Na4 Qb8 (12...
Bb5 13. Nc5 Nxc5 14. dxc5 a5 15. Nd4 Qb8 $10) 13. Ne1 (13. Nc5 Bxc5 14. dxc5 c6
15. Ne5 Qc7 16. f4 $13 {0-1 Polak,T-Epishin,V/Open1/4/22 1996 (36)}) 13... Bb5
14. Nc3 Rc8 15. Nxb5 Qxb5 16. Nd3 a5 17. Ba1 Bd6 18. e3 Rcb8 19. Bc3 a4 20. b4
$16 {1-0 Arbakov Valentin-Epishin Vladimir/Biel 1996 (40)}) 10... Bd6 (10...
Bb7 $2 {[%csl Gc6]} 11. Bf4 {[%csl Gc7][%cal Gc3b5,Ga1c1]} c5 (11... Bd6 12.
Rc1 O-O 13. Nb5 a6 14. Nxd6 cxd6 15. Nc4 $1 (15. Nc6 Qb6) 15... dxc4 16. Bxb7
Ra7 17. Bg2 cxb3 18. Bxd6 $18) 12. Nb5 $16) (10... Nxe5 $2 11. dxe5 $32 Bb4 (
11... Nd7 12. Nxd5 $1 exd5 13. Qxd5 Nb6 (13... Rb8 14. e6 $18) 14. Qc6+ Qd7 15.
Bg5 $1 {[%cal Gf1d1]} (15. Rd1 Qxc6 16. Bxc6+ Ke7 17. Bxa8 Nxa8 18. Bg5+ f6 19.
exf6+ gxf6 20. Bf4 $16) 15... Rc8 16. Rfd1 Bb5 17. Rxd7 Bxc6 18. Bxc6 Nxd7 19.
Rd1 $18) 12. exf6 Bxc3 13. fxg7 Bxg7 14. Rb1 O-O 15. Ba3 Re8 16. Rc1 $16 {
[%csl Ga7,Gc7]}) 11. Nc6 (11. Bf4 Bxe5 (11... O-O $142) 12. dxe5 (12. Bxe5 Nxe5
13. dxe5 Nd7 14. f4 c5) 12... Nh5 (12... Ng4 13. Qd4 c5 14. Qa4 Qb6 15. Bxd5 $1
exd5 16. Nxd5 Qb7 17. e6 $1 $18) 13. Be3 {[%cal Gg3g4]} Nxe5 14. f4 Nc6 15. b4
{[%cal Gd1a4]} (15. f5 Nf6 (15... O-O 16. Bc5 Ne7 17. fxe6 fxe6 18. Rxf8+ Qxf8
19. Nxd5 $18) 16. Bc5 Ne7 17. fxe6 fxe6 18. Qd4 O-O 19. Qe5 Qd7 20. Bh3 Bc8 21.
e4 {looks very good for white.}) 15... Bb7 16. Bc5 Nf6 17. e4 {with strong
intiative.} (17. b5 Ne7)) 11... Qc8 12. a3 (12. Bb2 Qb7 $140 13. Rc1 Qxc6 $2
14. Nxd5 Qxd5 15. Bxd5 exd5 16. Rc2 O-O 17. Qc1 $16 {[%csl Gc7][%cal Gb2a3]
But 13... 0-0 gives to black comfortable position.}) (12. Re1 $2 Bb7 13. Na5
Bb4) 12... O-O 13. Bg5 (13. Bf4 $5 Qe8 (13... Qb7 $6 14. Na5 Qb6 15. b4 {
and white is clearly better.}) 14. Nb4 $1 (14. Rc1 Nb6 (14... Bxa3 $2 15. Ra1
Nb6 16. Rxa3 Qxc6 17. Qa1 $1 Bb7 18. Rc1 Qd7 19. Na4 $1 $16 {[%cal Gc1c7]}) 15.
Bxd6 cxd6 16. Nb4 Bb7 $11) 14... Bb7 15. Nd3 {[%csl Gc5,Ge5]} Bxf4 16. gxf4 $14
(16. Nxf4 c5 17. dxc5 Nxc5 18. b4 $14)) 13... Qe8 {Black has to play against
annoying knight on c6, in order to play c7-c5.} (13... Qb7 $2 14. Na5 Qb6 15.
b4 $16) (13... Bb7 $6 14. Na5 c5 15. Rc1 {[%cal Gc1c8]}) 14. Qd2 (14. b4 h6 (
14... Nb6 15. Na5 (15. Ne5 Nfd7) 15... Nc4 16. Nxc4 (16. Nb3 Bb7 17. Bxf6 gxf6
18. e4 $16) 16... Bxc4 17. Bxf6 gxf6 $11) 15. Bxf6 (15. Bd2 Nb6 16. Ne5 Nc4 $11
) 15... Nxf6 16. Na5 (16. Ne5 Bb7 {also good for black.} (16... Bxe5 17. dxe5
Nd7 18. Qd4 c5 $1 (18... Qe7 $2 19. b5 $16) 19. bxc5 Rc8 $11)) 16... c6 {
[%cal Ge6e5]} 17. Rc1 (17. f4 Bc7 18. Na4 (18. Nb3 Bc4 $132 {[%cal Ga7a5]})
18... Bxa5 19. bxa5 Rb8 20. Nc5 Bc4 21. Qd2 Nd7 $11) 17... e5 (17... Rc8 18. f4
$14) 18. Nxc6 $5 Qxc6 19. Nxd5 Qb5 20. a4 (20. Nxf6+ gxf6 21. Bxa8 Rxa8 22. Qd2
$6 Qxe2 23. Qxh6 Qf3 $17) 20... Qxe2 21. b5 Qxd1 22. Nxf6+ gxf6 23. Rfxd1 Rac8
$11) 14... Nb6 (14... h6 15. Bf4 $1) 15. Na5 {after this move black gets a
competent play.} (15. Nb4 $1 Bb7 (15... Bxb4 $6 16. axb4 Bb7 17. Ra5 $16 {
[%csl Ga5,Ga7,Gc5,Gc7]}) 16. Bxf6 gxf6 17. e4 dxe4 18. Nxe4 (18. Bxe4 Bxe4 19.
Nxe4 Kg7 20. Rac1 $14) 18... Bxe4 19. Bxe4 Rc8 (19... Bxb4 20. Qh6 f5 21. Bxa8
$18) 20. Nc6 $16) 15... c5 16. dxc5 Bxc5 17. Bxf6 (17. Rfc1 Rc8 18. b4 Be7 $11
{[%cal Gh7h6]}) 17... gxf6 18. Rfc1 {[%cal Ge2e4]} (18. b4 Be7 {with next 19...
f5 and 20...Bf6}) 18... Rc8 19. e4 d4 (19... dxe4 $2 20. Nxe4 Be7 21. Rxc8 Bxc8
(21... Nxc8 22. Qh6) 22. b4 $16) 20. Nd1 (20. Ne2 d3 (20... e5 $2 21. Bh3 Rc7
22. Qh6 {[%csl Gh7][%cal Gh3f5]} Bc8 $8 23. b4 Bd6 24. Bxc8 Nxc8 25. Qxf6 $18)
21. Nf4 Qb5 (21... Qd7 22. Nh5 Bd4 23. Qh6 f5 24. exf5 exf5 25. Nc6 $40) 22.
Bf1 (22. Nh5 $2 Bd4 (22... Bxf2+) 23. Qh6 Qg5 $19) 22... Rfd8 23. b4 Bf8 24.
Rxc8 Nxc8 25. Rd1 Qa4 $11) 20... d3 21. e5 (21. b4 $6 Bd4 22. Rxc8 Qxc8 23. Rc1
Qd7 {and black has even better chances with d3 pawn.}) 21... Bd4 (21... fxe5
22. Qg5+ Kh8 23. Qf6+ (23. Qxe5+ $2 f6 $17) 23... Kg8 24. Nc6 $5 Bd6 {and
white has to make draw.}) 22. Rxc8 Qxc8 (22... Nxc8 23. exf6 Bxf6 24. Rc1 Qb5
25. Ne3 $13 (25. b4 $5)) 23. Rc1 (23. Nc6 Qd7 24. Rc1 Rc8 25. Qf4 fxe5 26. Qg5+
Kf8 27. Qh6+ Kg8 28. Qg5+ $11) 23... Qd7 24. Bc6 (24. Nc6 {see 23Nc6}) 24...
Qe7 $6 (24... Qd8 25. b4 (25. Bb7 Bxb7 26. Nxb7 Qd5 27. Qxd3 (27. exf6 Bxf6 28.
Nc5 Rd8 29. Ne3 Qd4 30. b4 $13) 27... Rb8 28. Na5 {[%cal Ga5c6]} Nd7 {[%cal
Gd7e5,Ge5f3]} 29. Qc4 Qxc4 30. Rxc4 Nxe5 $11) 25... Bxe5 (25... fxe5 26. b5 Bc8
27. Bg2 $14 {[%cal Ga5c6]}) 26. b5 Bc8 27. Be4 Qd4 28. Qxd3 f5 29. Qxd4 Bxd4
30. Bf3 $14 {[%csl Ga7][%cal Ga5c6]}) 25. Be4 (25. b4 fxe5 (25... Bxe5 26. b5
Bc8 27. Qxd3 Rd8 28. Qb3 Rd2 29. Bf3 $14) 26. b5 Bc8 27. Qxd3 f5 (27... Rd8 28.
Qb3 $11 {[%cal Gc6f3,Ga5c6]}) 28. Bg2 Rf7 29. Nc6 Qg5 30. Rc2 $13) 25... fxe5 (
25... Bxe5 $142 26. Nc6 Qd6 (26... Qxa3 $2 27. Nxe5 fxe5 28. Qg5+ Kh8 29. Qh6
f5 30. Rc7 $18) 27. Qa5 (27. Nb4 f5 28. Bf3 Bb5 29. a4 a5 $1 $17) 27... Bb7 28.
Qxa7 Qc7 (28... Bxc6 29. Rxc6 Qd4 30. Bf3 $16) 29. Qa5 $1 {[%csl Gc1][%cal
Ga5d2] and black's compensation is not enough.} (29. Bxd3 Ra8 30. Ne7+ Qxe7 31.
Qxb6 Rxa3 $11)) 26. Nc6 Qf6 27. Bxd3 (27. Nxa7 $1 Nd7 (27... Nc4 28. bxc4 Bxa7
29. Qa5 $18) (27... Rd8 28. Nc6 Rd7 29. Nb8 $1 $18) 28. Nc6 Nc5 29. Rxc5 (29.
Bxh7+ $2 Kxh7 30. Nxd4 Rc8 $1 $17) 29... Bxc5 30. Qa5 Qh6 31. Qxc5 (31. Qxa6
$18) 31... Qd2 32. Ne3 Qe1+ 33. Kg2 d2 34. Qxe5 $18) 27... Bb7 $143 (27... Bxd3
28. Qxd3 Nd5 29. Rc4 Bb6 30. Qe4 $16 {[%csl Ge5]}) 28. Be4 (28. Ne3 Qg5) 28...
Bxc6 (28... Rc8 29. b4 (29. Rc2 Bxc6 30. Rxc6 Rxc6 31. Bxc6 $11) 29... Bxc6 30.
Bxc6 $14) 29. Rxc6 Rd8 30. Nc3 (30. Qc2 h6 31. Nc3 Rc8 32. Rxc8+ Nxc8 33. Nb5
Qd8 $11) 30... Nc8 (30... Rc8 31. Rxc8+ Nxc8 $11) 31. Bg2 {[%cal Gc3e4]} (31.
Nb5 $6 Bb6 32. Qc2 Ne7) 31... Kg7 (31... Bb6 32. Ne4 Qg7 (32... Rxd2 $140 $2
33. Nxf6+ Kg7 34. Ne8+ $18) 33. Qe2 Ne7 $132) 32. Ne4 Qg6 33. Qa5 Rd5 (33...
Qh5 34. Bf3 $1 (34. Qxd8 $2 Qd1+ 35. Bf1 Bxf2+ $19) (34. h3 Bb6 {[%cal Gc8e7,
Ge7d5,Ge7f5] and black gets intiative.}) 34... Qxf3 35. Qxd8 Bxf2+ 36. Nxf2
Qxc6 37. Qg5+ Kf8 38. Qxe5 $11) 34. Qb4 Nb6 (34... a5 $5) 35. Qe7 (35. Rc7 Bb2
36. Rxa7 $140 $2 Rd1+ 37. Bf1 Nd5 $19 {[%csl Ge4]}) 35... Bb2 $2 (35... Rd7 36.
Qh4 {[%cal Ge4d6,Gd6e8]} (36. Qb4 $11) 36... Nd5 {[%cal Gd5e7,Ge7f5]} 37. Nd6
Bxf2+ $1 (37... Ne7 38. Ne8+ Kf8 39. Be4 $16) 38. Kxf2 Rxd6 39. Rxd6 Qc2+ 40.
Ke1 Qc1+ 41. Ke2 Qc2+ $11) 36. h4 $2 (36. Nc5 $1 {[%cal Gc5e6]} Rd1+ 37. Bf1
Kh8 (37... Kh6 38. Nxe6 $1 $18) 38. Qxa7 Qb1 39. Qa6 Nd5 (39... Bxa3 40. Nxe6
$1 fxe6 41. Rxb6) 40. Qe2 $18 {[%cal Gc6c8,Ge2g4]}) 36... Rd1+ $2 (36... Rd7
$142 37. Qc5 Bd4 (37... Rd1+ 38. Kh2 Rc1 39. Qd6 Rxc6 40. Qxc6 Bxa3 41. Qc3 $14
{[%csl Ga3,Ge5][%cal Gb3b4]}) 38. Qc2 Nd5 $11 {[%cal Gd5f6]}) 37. Kh2 Nd5 38.
Qe8 (38. Qxa7 Nf6 (38... Bd4 39. Qb8 $18 {[%cal Gc6c8]}) 39. Nxf6 Qxf6 40. Rc8
Rd8 (40... Bd4 41. Qa8) 41. Rc2 Bd4 42. Qa5 {with big advantage.}) 38... Nf6
39. Nxf6 $8 Qxf6 40. Rc8 Kh6 41. Qf8+ Qg7 42. Qc5 {[%cal Gc5e3]} Qg6 (42... Bd4
43. Qc2 Qg4 44. Rf8 (44. Rh8 e4) 44... Qg7 45. Qc8 {[%cal Gf8g8,Gc8f8]} (45.
Re8 Qg4 46. Re7 Kg7) 45... Bxf2 (45... f6 46. Qe8 $18 (46. Rg8 Qf7)) 46. Rg8
Bxg3+ 47. Kh3 $18) 43. Bf3 {[%cal Gg3g5]} (43. Qe3+ $1 Kg7 44. Qxa7 Qf6 45. Qc5
{and white wins easily.}) 43... Rd7 44. g4 f6 45. Qf8+ (45. Bc6 $1 Rf7 $8 46.
Be8 Qxg4 47. Qe3+ (47. Bxf7 Qxh4+ 48. Kg2 Qg4+ $11) 47... Kg7 48. Bxf7 Qxh4+
49. Kg2 Bd4 50. Qg3+ Qxg3+ 51. Kxg3 Kxf7 52. Rc7+ Kg6 53. b4 {and white must
win.}) 45... Qg7 46. Qe8 $2 (46. Qc5 Bd4 (46... Qg6 47. Bc6 {see 45 Bc6}) 47.
Qc1+ Kg6 48. Bc6 Re7 49. Be8+ $18) 46... Qf7 47. Qh8 {[%cal Gc8g8,Gg4g5]} e4 $1
{Very strong, black's idea to dictract white's bishop from h5 field.} (47...
Qg7 $4 48. Rg8 $3 $18) 48. Bxe4 (48. Be2 Rd2) 48... Qg7 49. Qxg7+ Kxg7 $11 50.
Rc6 Bxa3 51. Rxe6 Re7 52. Ra6 Bc5 53. f3 Bb6 54. Ra2 Bc7+ 55. Kh3 Bf4 56. Ra5
h6 57. Rf5 Bd2 58. Kg2 Re5 1/2-1/2

[Event "RUS-Cup03 Geller Memorial"]
[Site "Moscow"]
[Date "1999.02.09"]
[Round "8"]
[White "Tunik, Gennady"]
[Black "Kosarev, Andrei M"]
[Result "1-0"]
[WhiteElo "2474"]
[BlackElo "2345"]
[Annotator "Avrukh,B"]
[PlyCount "89"]
[EventDate "1999.02.10"]
[EventType "swiss"]
[EventRounds "9"]
[EventCountry "RUS"]
[SourceTitle "CBM 070"]
[Source "ChessBase"]
[SourceDate "1999.06.08"]
[SourceVersion "1"]
[SourceVersionDate "1999.06.08"]
[SourceQuality "1"]

1. d4 Nf6 2. c4 e6 3. Nf3 b6 4. g3 Ba6 5. b3 Bb7 6. Bg2 Bb4+ 7. Bd2 c5 8. Bxb4
{Not the critical move in this line ,more popular 8. 0-0} cxb4 9. O-O O-O 10.
a3 bxa3 {[%mdl 8]} ({Black has no problems after theoretical 10...Na6 f.e:} 
10... Na6 11. axb4 (11. Ne5 Bxg2 (11... d5 12. Nd2 $6 (12. axb4 $142 Nxb4 13.
Nd3 Nxd3 14. Qxd3 $11) 12... bxa3 13. Rxa3 Nb4 14. Nd3 Nxd3 15. exd3 a5 16. Qa1
b5 $1 $15 {[%csl Gd4] 0-1 Tunik,G-Epishin,V/Podolsk 1992/EXT 92ch (68)}) 12.
Kxg2 d5 13. e3 Qc7 14. axb4 Nxb4 15. Na3 Qb7 16. Kg1 Ne4 17. Qe2 {1/2-1/2
Karolyi,T-Kuligowski,A/Brussels 1986/CBM 01 (17)}) 11... Nxb4 12. Nc3 Qe7 (
12... a5 $6 {[%csl Gb6]} 13. Ne5 Bxg2 14. Kxg2 d5 15. e3 Rc8 16. Na4 {[%csl
Gb6]} dxc4 17. bxc4 b5 18. cxb5 Qd5+ 19. Qf3 Qxb5 20. Nc5 $16 {[%cal Gf1b1]
1-0 Dzindzichashvili,R-Morris,W/Philadelphia 1989/EXT 89op (52)}) 13. e3 (13.
Ne5 Bxg2 14. Kxg2 Rfc8 15. Qd2 d6 16. Nd3 Nc6 17. Nf4 d5 $11 {1/2-1/2 Beckhuis,
G-Lau,R/BL9293 1993/BL 90 (22)}) 13... Rfc8 14. Qe2 Ne4 15. Nxe4 Bxe4 16. Ne5
Bxg2 17. Kxg2 d6 18. Nd3 Qb7+ 19. Kg1 Nxd3 $11 {1/2-1/2 Dzindzichashvili,
R-Garcia Gonzales,G/Luzern 1989/CBM 16 (21)}) 11. Rxa3 (11. b4 Qe7 12. b5 a5 $1
{gives to black very comfortable play}) 11... Qe7 12. Qc1 (12. Ra4 $5) 12...
Na6 13. Qb2 (13. Nc3 Nb4 14. Na2 Nc2 $5 (14... Rfc8) 15. Ra4 Bxf3 16. Qxc2 Bxg2
17. Kxg2 d5 $11) 13... Nb4 14. Nbd2 $6 {Very unfortunate place for white's
knight.Now black gets very nice play and their knight on b4 doesn't give to
white to obtain any serious play.} (14. Nc3 $142 Rfc8 15. Rfa1 (15. Na2 Nc6 {
[%cal Gd7d5]} 16. Nc3 $11) 15... a5 16. Na4 Qd8 17. c5 bxc5 18. dxc5 Ra6 $11 {
[%cal Gd7d6]}) 14... a5 15. Rc1 (15. Rd1 $142) 15... d6 16. Qb1 {White has to
protect d3-square,in order to play e4.} e5 17. e4 Rfe8 18. d5 (18. Re1) 18...
Nd7 $15 {[%cal Gd7c5]} 19. Ne1 Nc5 20. Nf1 Bc8 {[%cal Gc8d7]} (20... b5 $6 21.
Ne3 bxc4 22. Nxc4 {[%csl Ga5]}) 21. Ne3 Bd7 22. Rd1 (22. N1c2 Nbd3 23. Rd1 b5
$36) 22... g6 {[%csl Gf5]} 23. N1c2 b5 24. cxb5 Bxb5 25. Ne1 $1 (25. Nxb4 axb4
26. Rxa8 Rxa8 27. Bf1 Bxf1 (27... Be8 28. Nc4) 28. Nxf1 Ra3 29. Nd2 Qa7 $17)
25... Reb8 26. Rd2 {Black's position looks very active ,but still it's not
enough for something serious,while white playing very accurate in defence.With
this moment black starts to play very slowand strange and allows to white to
create decisive attack in some moves,in what very difficult to believe in this
position.} Qd7 {unnecessary move} (26... a4 $140 $2 27. bxa4 Rxa4 28. Rxa4 Bxa4
29. Rb2) (26... Qd8) 27. h4 {[%cal Gh4h5]} h5 28. Kh2 Qc8 29. Qd1 a4 30. bxa4
Bxa4 {Strange decision,why not to change rooks immediatly?} (30... Rxa4 31.
Rxa4 (31. Rc3 $5 Rba8 32. Rb2 Na2 33. Rcc2 Nb4 34. Rc3 $11) 31... Bxa4 32. Qc1
$11 (32. Qf3 Nb3 33. Rb2 Qc3)) 31. Qf3 {[%cal Gf3f6]} Nb3 32. Rb2 Nd4 (32...
Qc1 $142 33. Qe2 Nd4 34. Qd2 Qxd2 35. Rxd2 $11) 33. Qf6 Qc5 $2 {[%mdl 16384]
And once again srange unnecassary move,which allows to white create strong
attack,this was the last moment,when it was possible to equalize position.} (
33... Qc1 $1 34. Nd3 Nxd3 35. Rxb8+ Rxb8 36. Rxd3 (36. Qxd6 $2 Rb2 $1 37. Rxd3
Rxf2 $19 {[%cal Gd4f3]}) (36. Rxa4 Qc7 37. Ra6 Qd8 $1 (37... Nb4 $2 38. Rxd6
Nb5 39. Nf5 $1 gxf5 40. Qg5+ Kf8 41. Rh6 $18) 38. Rxd6 Qxf6 39. Rxf6 Kg7 40.
Ra6 Nxf2 {and black is not worse}) 36... Qc7 $11 {[%cal Gc7d8]}) (33... Nb5 34.
Bh3 $1 Qd8 (34... Qc1 35. Be6 $1 fxe6 36. Qxg6+ Kf8 37. dxe6 $18) 35. Qxd8+
Rxd8 36. Ra1 $18 {[%csl Gb4]}) 34. Nf3 Nxf3+ (34... Qc1 $2 35. Nxd4 exd4 (35...
Qxb2 36. Ndf5 {with mate}) 36. Qxd4) (34... Be8 35. Rxa8 Rxa8 36. Ng5 $16 {
[%cal Gg3g4]} Qc3 (36... Nd3 37. Rb7) 37. Rb1 {[%csl Gd6]}) 35. Bxf3 {[%cal
Gf3h5,Gg3g4][%mdl 128]} Qc1 (35... Bd7 {[%csl Gf5]} 36. Rab3 $1 Rb6 37. g4 hxg4
38. Bxg4 $1 {with decisive attack} (38. h5 {[%cal Gh5h6]} gxh5 39. Qg5+ Kf8 40.
Qxh5 $40)) (35... Qd4 36. Bxh5 Qxe4 (36... Qxb2 {see the game}) 37. Bf3 Qd4 38.
Rb1 {[%cal Gh4h5]} Nc2 39. Rxb8+ Rxb8 40. h5 Nxe3 41. hxg6 $18) 36. Bxh5 $1
Qxb2 37. Ng4 Be8 (37... gxh5 38. Rf3 $1 {[%cal Gg4h6]} (38. Nh6+ Kh7 39. Qxf7+
Kh8 $8 (39... Kxh6 $2 40. Rf3) 40. Qf6+ $11) 38... hxg4 (38... Rb7 39. Nh6+ Kf8
40. Qh8+ Ke7 41. Rxf7#) 39. Qxf7+ Kh8 40. Qh5+ Kg8 41. Qxg4+ Kh8 42. Qh5+ Kg8
43. Qg6+ Kh8 44. Rf5 Qxf2+ 45. Rxf2 Rf8 46. Rxf8+ Rxf8 47. Qxd6 Rf2+ 48. Kh3
$18) 38. Nh6+ Kf8 (38... Kh7 39. Nxf7 gxh5 40. Qh8+ Kg6 41. Qg8+ Kf6 42. Qg5+
Kxf7 43. Rf3#) 39. Bxg6 $18 Qxf2+ 40. Qxf2 Rxa3 41. Qf6 Ra2+ 42. Kh3 Nxd5 43.
exd5 Bd7+ 44. Bf5 Bxf5+ 45. Nxf5 1-0